LDR 01154naa#a2200205#i#450# 001 RU\\bibl\123411 005 20260706005018.1 011 ## _a1994-4683 100 ## _a20230731b2023####ek#y0rusy0150####ca 102 ## _aRU 200 1# _aРАЗВИТИЕ СИЛОВОЙ ВЫНОСЛИВОСТИ У ВОЕННОСЛУЖАЩИХ ВОЕННО-ВОЗДУШНЫХ СИЛ _eЖурнальная статья 210 1# _aМосква _cНациональный государственный Университет физической культуры, спорта и здоровья им. П.Ф. Лесгафта _d2023 215 ## _a4 с. 608 ## _aЖурнальная статья _2local 675 ## _aПодготовленность. Тренированность. Контроль за состоянием тренированности. 796.015.68 _z 700 #1 _aПопадьин _gВиталий Валериевич 700 #1 _aРоманов _gКонстантин Валерьевич 700 #1 _aЗаварзин _gАлександр Валерьевич 700 #1 _aЖарких _gСергей Александрович 856 4# _auchzapiski.lesgaft.spb.ru _u